|
|
|
|
| LEADER |
02189nam a2200337 a 4500 |
| 001 |
GR-Patra20519 |
| 008 |
040126s2002 gr g b 000 0 gre d |
| 020 |
|
|
|a 9604020722
|
| 040 |
|
|
|a GrPaTEI
|b gre
|c GR-PaULI
|
| 040 |
|
|
|a GrPaTEI
|b gre
|c GR-PaULI
|
| 082 |
|
0 |
|a 320
|2 21
|
| 100 |
1 |
|
|a Muller, Pierre,
|d 1950-
|e συγγραφέας.
|9 18631
|
| 245 |
1 |
2 |
|a Η ανάλυση των πολιτικών του κράτους :
|b ανάλυση των δημόσιων πολιτικών /
|c Pierre Muller -Yves Surel ; πρόλογος-επιμέλεια Μαριάννα Ψύλλα ; μετάφραση Δέσποινα Παπαδοπούλου, Μαριάννα Ψύλλα.
|
| 260 |
|
|
|a Αθήνα :
|b Τυπωθήτω,
|c 2002.
|
| 300 |
|
|
|a 231 σ. ;
|c 22 εκ.
|
| 490 |
1 |
|
|a Πολιτική - Επικοινωνία ;
|v 1
|
| 504 |
|
|
|a Περιλαμβάνει βιβλιογραφία: [σ.219-228] και γλωσσάρι.
|
| 650 |
|
0 |
|a Politics, practical
|
| 650 |
|
4 |
|a Πολιτική, πρακτική
|
| 700 |
1 |
|
|a Surel, Yves
|e συγγραφέας
|
| 700 |
1 |
|
|a Παπαδοπούλου, Δέσποινα
|e μεταφράστρια
|
| 700 |
1 |
|
|a Ψύλλα, Μαριάννα
|e μεταφράστρια
|e επιμελήτρια
|e συγγραφέας προλόγου
|
| 710 |
0 |
|
|a Δαρδανός
|
| 710 |
0 |
|
|a Τυπωθήτω
|
| 830 |
|
0 |
|a Πολιτική - Επικοινωνία
|v 1
|
| 942 |
|
|
|2 ddc
|c BK15
|
| 952 |
|
|
|0 0
|1 0
|2 ddc
|4 0
|6 320_000000000000000_MUL
|7 0
|9 301102
|a LISK
|b LISK
|c BSC
|d 2021-01-17
|e 24
|f 0
|g 0.00
|l 0
|o 320 MUL
|p 92410030401
|r 2021-01-17 00:00:00
|t 1
|w 2021-01-17
|y BK15
|x 20061208 0 1
|x GrPaTEI
|
| 952 |
|
|
|0 0
|1 0
|2 ddc
|4 0
|6 320_000000000000000_MUL
|7 0
|9 301103
|a LISK
|b LISK
|c BSC
|d 2021-01-17
|e 24
|f 2
|g 0.00
|l 0
|o 320 MUL
|p 92410043608
|r 2021-01-17 00:00:00
|t 1
|w 2021-01-17
|y BK15
|x 20081020 0 1
|x GrPaTEI
|
| 952 |
|
|
|0 0
|1 0
|2 ddc
|4 0
|6 320_000000000000000_MUL
|7 1
|9 301104
|a LISK
|b LISK
|c BSC
|d 2021-01-17
|e 24
|f 0
|g 0.00
|l 0
|o 320 MUL
|p 92410043607
|r 2021-01-17 00:00:00
|t 1
|w 2021-01-17
|y BKN
|x 20081020 0 0
|x GrPaTEI
|
| 952 |
|
|
|0 0
|1 0
|2 ddc
|4 0
|6 320_600000000000000_MUL
|7 0
|9 353040
|a PTDE
|b PTDE
|d 2021-12-02
|i 12170
|l 0
|o 320.6 MUL
|p 025000212951
|r 2021-12-02 00:00:00
|t 4
|w 2021-12-02
|y BK15
|
| 999 |
|
|
|c 174984
|d 174984
|